Ulrico : la historia secreta de la conquista /

Guardado en:
Autor Principal: Schlaen, Carlos
Formato: Libro
Publicado: Buenos Aires : Del Eclipse, 2013
Materias:
Etiquetas: Agregar Etiqueta
Sin Etiquetas, Sea el primero en etiquetar este registro!
LEADER 00784nam a22002655a 4500
001 CEM.cems018294
005 20140514091848.0
008 130507s2013##################000#0#####d
003 CEMS
020 |a 9789871580286 
082 0 4 |a A868.4 
100 1 |a Schlaen, Carlos 
245 1 0 |a Ulrico :  |b la historia secreta de la conquista /  |c Carlos Schlaen 
260 |a Buenos Aires :  |b Del Eclipse,  |c 2013 
300 |a 160 p. 
653 |a Literatura 
653 |a Literatura argentina 
653 |a Narrativa gráfica 
653 |a Narrativa argentina 
653 |a Historieta 
653 |a Literatura juvenil 
653 |a Ministerio de educación-colección literaria 
653 |a Humor 
653 |a Ficción histórica 
859 |a CEMS  |b BIB. CEMS - Agricultura  |h A868.4  |i Sc15  |p A1996.14  |t Ej.1